000 00727nam a2200205Ia 4500
999 _c39262
_d39262
001 5848
003 GE_BSU
005 20190917162314.0
008 181216s1986||||ge |||||||||||||| ||geo||
040 _cGE_BSU
041 _ageo
080 _a821.161.1-32 ა-64
100 _aანდრონიკაშვილი, ბ.
_94067
245 _aზაფხულის დღე :
_bმოთხრობები
_cბ. ანდრონიკაშვილი.
264 _aთბილისი :
_bსაბჭოთა საქართველო ;
_c1986.
300 _a133 გვ. ;
_c20 სმ.
653 _aზაფხულის დღე
653 _aმოთხრობები
942 _cBK
_2udc